1102 1775 1963 1904 1292 1524 1324 1397 1706 1740 1540 1688 1771 1432 1305 1154 1991 1091 1737 1919 1782 1021 1094 1495 1222 1362 1941 1220 1008 1198 1893 1721 1282 1837 1807 1047 1196 1694 1489 1091 1423 1473 1503 1074 1345 1826 1625 1121 1358 1926 1713 1753 1043 1200 1635 1243 1745 1421 1409 1760 1768 1993 1131 1300 1070 1654 1199 1693 1853 1776 1184 1546 1736 1176 1462 1900 1521 1624 1004 1141 1150 1859 1202 1593 1445 1543 1388 1558 1055 1268 1671 1748 1058 1844 1295 1139 1780 1795 1550 BCNSPRNW ULIB Ver.6.0+V

เปลี่ยนเป็นภาษาไทย

Change to English
 แสดงรายละเอียดบรรณานุกรม
  กลับหน้าหลัก

Brief Record : Get Marc (ISO 2709) : E-mail record : QR code < ปิดหน้าต่าง
LEADER : 00000nam 2200000uu 4500
001    13399114513
003     ULIB
008    120411s2552||||th 000 0 tha d
020    ^a9786117190186
090    ^aนว.^bน418พ 2552
100 0  ^aนันทนา วีระชน
245 00 ^aพระจันทร์ข้างแรม /^cนันทนา วีระชน
250    ^aพิมพ์ครั้งที่ 1
260    ^aกรุงเทพฯ :^bอินเลิฟ,^c2552
300    ^a404 หน้า
710 1  ^aอินเลิฟ
945    ^p294^l0^i15946
995    ^aกัณชพร
999    ^aใช้งานได้ทุกระบบ
รายการนี้ยังไม่มีแท็ก
คุณยังไม่ได้ล็อกอิน คุณสามารถมีกิจกรรมร่วมกับเว็บไซต์ได้ แต่ต้องล็อกอินก่อน ::
  ล็อกอิน

รายการสื่อสารสนเทศ

ลำดับที่ ประเภท เลขเรียก/บาร์โค้ด สถานที่ สถานะ
1. นวนิยาย
นวนิยาย
นว. น418พ 2552  
  Barcode: 15946
ห้องสมุดวิทยาเขตสวรรค์ประชารักษ์
►นวนิยาย
บนชั้น
  ขอยืม

รายการใกล้เคียง
    ผู้แต่ง [นันทนา วีระชน]

BibComment


ยังไม่เคยถูกคอมเมนท์

คอมเมนท์ทรัพยากรรายการนี้
  คอมเมนท์: พระจันทร์ข้างแรม..


 Copyright 2026. Bcnsprnw @Library